Ο ήρωας στην αρχαία ελληνική θρησκεία

Αποθηκεύτηκε σε:
Λεπτομέρειες βιβλιογραφικής εγγραφής
Κύριος συγγραφέας: Farnell, Lewis Richard, 1856-1934
Μορφή: Βιβλίο
Γλώσσα:Greek
English
Δημοσίευση: [Αθήνα] : Ιάμβλιχος, 1996.
Θέματα:
Ετικέτες: Προσθήκη ετικέτας
Δεν υπάρχουν, Καταχωρήστε ετικέτα πρώτοι!

MARC

LEADER 00000cam a2200000 i 4500
001 1/54134
008 070906s1996 gr | ||| |||| ||gre||
020 |a 9602680822 
035 |l 10090485 
040 |a GR-MyUa  |b gre  |e AACR2 
041 1 |a gre  |h eng 
082 7 |a 292.213   |2 (22) 
100 1 |a Farnell, Lewis Richard,   |d 1856-1934. 
245 1 2 |a Ο ήρωας στην αρχαία ελληνική θρησκεία /   |c Lewis Richard Farnell ; μετάφραση Ελένη Παπαδοπούλου. 
260 |a [Αθήνα] :   |b Ιάμβλιχος,   |c 1996. 
300 |a 163 σ. ;   |c 20 εκ. 
500 |a Τίτλος πρωτοτύπου: Heroic cults in ancient Greece and the ideas of immortality. 
650 0 |a Immortality. 
650 0 |a Cults  |z Greece. 
650 0 |a Heroes  |z Greece. 
650 0 |a Epic literature  |x History and criticism. 
650 0 0 |a Mythology, Greek. 
852 |a INST  |b RHODES  |e 20070906  |h 292.213 FAR  |p 005400025714  |q 005400025714  |t BK  |y 0 
901 |a BIBL4-2007-3 
922 |a 4ΕΛΗ  |b 200708  |c ΕΠΕΑΕΚ2/ΤΜΣ  |d Σ. Πατάκης 
970 |a ΚΟΖΑ  |b ΜΑΡΙΑ  |z 2007/09/06